Countries you can reach from London Heathrow... - Statistics

General Stats
  • This quiz has been taken 82 times
  • The average score is 18 of 29
Answer Stats
Country % Correct
France
97%
Ireland
96%
Norway
93%
Netherlands
90%
Belgium
86%
Canada
86%
Denmark
86%
Iceland
84%
Sweden
84%
Portugal (Azores)
81%
Germany
80%
Russia
80%
Brazil
79%
Cuba
53%
Colombia
50%
Bahamas
49%
Dominican Republic
49%
Venezuela
49%
Dominica
47%
Barbados
46%
Suriname
46%
Guyana
44%
Trinidad and Tobago
44%
Antigua and Barbuda
41%
Grenada
41%
Saint Lucia
41%
Haiti
40%
Saint Kitts and Nevis
40%
Saint Vincent and the Grenadines
37%
No matching quizzes found
Score Distribution
Percent of People with Each Score
Percentile by Number Answered
Your Score History
You have not taken this quiz